000 00781nam a2200253Ia 4500
003 OSt
005 20220923223503.0
006 a|||||r|||| 00| 0
007 ta
008 220922b |||||||| |||| 00| 0 hin d
024 _a217,641
037 _cTextual
040 _aARTS
_cARTS
_bhin
041 _2hin
_ahin
082 _aO152,3N175,SA, L6-
100 _aमाचवे, प्रभाकर
_9156279
245 0 _aसांचा
246 _aSāanchā
260 _aवाराणसी
_b प्रचारक बुक क्लब
_c1976
300 _a130i`
_ccm.
650 _aहिन्दी साहित्य
_9156264
942 _hO152,3N175,SA, L6-
_cTEXL
_2CC
999 _c365657
_d365657